[Event "Zweibruecken PSB-ch HT5 82nd"]
[Site "Zweibruecken"]
[Date "2013.03.29"]
[Round "6"]
[White "Kratz, Roland"]
[Black "Bischoff, Nico"]
[Result "1/2-1/2"]
[WhiteElo "1764"]
[BlackElo "1581"]
[PlyCount "54"]
[EventDate "2013.??.??"]
[EventType "swiss"]
[EventRounds "7"]
[EventCountry "GER"]
[SourceTitle "EXT 2014"]
[Source "ChessBase"]
[SourceDate "2013.11.20"]
[SourceVersion "1"]
[SourceVersionDate "2013.11.20"]
[SourceQuality "1"]

1. e4 c5 2. c3 d5 3. exd5 Qxd5 4. d4 Nc6 5. Nf3 Bg4 6. Be2 Nf6 7. 0-0 e6 8. h3 Bh5 9. Be3 cxd4 10. cxd4 Be7 11. Nc3 Qd8 12. Qb3 Rb8 13. g4 Bg6 14. Rad1 Nd5 15. Nxd5 Qxd5 16. Qxd5 exd5 17. Ne5 f6 18. Nxc6 bxc6 19. b3 Bd6 20. Bd3 Kd7 21. Bxg6 hxg6 22. Kg2 f5 23. Rh1 f4 24. Bc1 Rbe8 25. Rde1 Re4 26. Rxe4 dxe4 27. f3 e3 1/2-1/2